| 000 | 00861nam a22002655i 4500 | ||
|---|---|---|---|
| 001 | 18637020 | ||
| 005 | 20161116144638.0 | ||
| 008 | 150529s2015 mau 000 0 eng | ||
| 010 | _a 2015942829 | ||
| 020 | _a978-0-12-803761-4 | ||
| 040 |
_aDLC _beng _erda _cDLC |
||
| 042 | _apcc | ||
| 082 |
_22016 _aDC 005.133 _bAl25 |
||
| 100 | 1 | _aAlessandrini, Victor. | |
| 245 | 1 | 0 |
_aShared memory application programming : _bconcepts and strategies in multicore application programming / _cVictor Alessandrini. |
| 250 | _aFirst edition. | ||
| 260 |
_aAmsterdam: _bMorgan Kaufmann, _cc2016. |
||
| 263 | _a1511 | ||
| 300 |
_axxvii, 527 pages: _billustrations; _c24 cm. |
||
| 500 | _aIncludes index. | ||
| 650 | 0 |
_917541 _aApplication software -- Programming. |
|
| 906 |
_a0 _bibc _corignew _d2 _eepcn _f20 _gy-gencatlg |
||
| 942 |
_2ddc _cDC |
||
| 999 |
_c5724 _d5724 |
||